00548nam a2200157Ia 4500001001000000003000500010008004100015010001100056040000900067100002000076245008000096260006700176300001000243440006000253650007700313Para_3965CHAP220125s1944 xx 000 0 und d a202229 cCHAP aGould, George E aThe biology and control of the striped cucumber beetle /c George E. Gould a[West Lafayette], Indiana :b Agricultural Experiment Station a28 p. aIndiana: Agricultural Experiment Station, Bulletin; 490 aEscarabajos Insectos x Biología Control de plagas Pepino x Plagas